| 000 | 00803cab a2200253 4500 | ||
|---|---|---|---|
| 001 | WB2932-08 | ||
| 008 | 090401t1993 xxu||||| |||| 00| 0 eng d | ||
| 035 | _a(Sirsi) u11464 | ||
| 041 | _aeng | ||
| 245 | _aSupermarkets win right to challenge | ||
| 260 | _c1993 | ||
| 350 | _a0 | ||
| 490 |
_aDaily Telegraph _v2 September 1993, 4&19 |
||
| 490 |
_aFinancial Times _v2 September 1993, 9(2) |
||
| 520 | _aTesco, Sainsbury and Safeway have won the right to challenge planning permission awarded to Costco, the US warehouse club operator, in the High Court. | ||
| 650 | _aDISCOUNT STORES | ||
| 650 | _aPLANNING PERMISSION | ||
| 650 | _aUSA | ||
| 650 | _aWAREHOUSE CLUBS | ||
| 650 | _aWAREHOUSING | ||
| 690 | _aPROPERTY-COMMERCIAL PROPERTY-RETAIL PROPERTY | ||
| 942 | _n0 | ||
| 948 | _c04/03/1997 | ||
| 999 |
_c7309 _d7309 |
||